<?xml version="1.0" encoding="UTF-8"?>
<record
    xmlns:xsi="http://www.w3.org/2001/XMLSchema-instance"
    xsi:schemaLocation="http://www.loc.gov/MARC21/slim http://www.loc.gov/standards/marcxml/schema/MARC21slim.xsd"
    xmlns="http://www.loc.gov/MARC21/slim">

  <leader>02388nam a2200253 a 4500</leader>
  <controlfield tag="005">20200104041606.0</controlfield>
  <controlfield tag="008">141210b        xxu||||| |||| 00| 0 spa d</controlfield>
  <datafield tag="040" ind1=" " ind2=" ">
    <subfield code="c">CO-BoIH</subfield>
  </datafield>
  <datafield tag="041" ind1=" " ind2=" ">
    <subfield code="a">spa</subfield>
  </datafield>
  <datafield tag="090" ind1=" " ind2=" ">
    <subfield code="a">IAVH</subfield>
    <subfield code="b">00628</subfield>
  </datafield>
  <datafield tag="110" ind1=" " ind2=" ">
    <subfield code="b">Fundaci&#xF3;n Eduquemos</subfield>
    <subfield code="9">3391</subfield>
  </datafield>
  <datafield tag="245" ind1=" " ind2=" ">
    <subfield code="a">Participaci&#xF3;n de la comunidad educativa rural en el establecimiento de un programa de conservaci&#xF3;n de las aves de la Selva de Florencia</subfield>
  </datafield>
  <datafield tag="260" ind1=" " ind2=" ">
    <subfield code="a">Bogot&#xE1;</subfield>
    <subfield code="b">Instituto Alexander von Humboldt</subfield>
    <subfield code="c">2005</subfield>
  </datafield>
  <datafield tag="300" ind1=" " ind2=" ">
    <subfield code="a">21 p.</subfield>
  </datafield>
  <datafield tag="520" ind1=" " ind2=" ">
    <subfield code="a">El prop&#xF3;sito de este proyecto fue articular los resultados de la investigaci&#xF3;n a los Proyectos Ambientales escolares de las veredas de la zona, como estrategia para la conservaci&#xF3;n de las aves y su h&#xE1;bitat. Facilit&#xF3; el reconocimiento y participaci&#xF3;n de la comunidad local en la gesti&#xF3;n de los recursos naturales y el redescubimiento de su territorio. Se consolid&#xF3; el proceso de declaratoria de la Selva de Florencia como Parque Nacional Natural. Se hizo el reconocimiento de escenarios de conservaci&#xF3;n, tomando informaci&#xF3;n de composici&#xF3;n bot&#xE1;nica y  diagramando perfiles idealizados de las estructuras de bosques representativas y m&#xE1;s favorables para la presencia y permanencia de las aves. Se marcaron sitios para observaci&#xF3;n por presencia o especies consideradas end&#xE9;micas o en peligro, lo que dio como resultado la ampliaci&#xF3;n de reportes de aves de la Selva de Florencia. El impacto del proyecto y la declaratoria de la Selva de Florencia como Parque Nacional Natural han permitido abrir nuevos proyectos que permitan entender la historia natural de especies en peligro para identificar alternativas que contribuyan a su conservaci&#xF3;n. Se coordin&#xF3; la realizaci&#xF3;n de talleres y salidas de campo como vinculaci&#xF3;n del proyecto a los procesos educativos de la zona. Se establecieron l&#xED;nea sede acci&#xF3;n en torno a la protecci&#xF3;n y establecimiento de arreglos de paisaje favorables para las comunidades de aves, para lo cual se realizaron tres actividades: caracterizaci&#xF3;n del uso del suelo, reconocimiento de recursos biol&#xF3;gicos y dise&#xF1;o de sistemas agroforestales.</subfield>
  </datafield>
  <datafield tag="650" ind1=" " ind2=" ">
    <subfield code="a">Proyectos Ambientales Escolares</subfield>
    <subfield code="9">92505</subfield>
  </datafield>
  <datafield tag="650" ind1=" " ind2=" ">
    <subfield code="a">Educaci&#xF3;n ambiental</subfield>
    <subfield code="9">162</subfield>
  </datafield>
  <datafield tag="650" ind1=" " ind2=" ">
    <subfield code="a">Conservaci&#xF3;n</subfield>
    <subfield code="9">92401</subfield>
  </datafield>
  <datafield tag="650" ind1=" " ind2=" ">
    <subfield code="a">Avifauna</subfield>
    <subfield code="9">92441</subfield>
  </datafield>
  <datafield tag="650" ind1=" " ind2=" ">
    <subfield code="a">H&#xE1;bitat</subfield>
    <subfield code="9">92506</subfield>
  </datafield>
  <datafield tag="662" ind1=" " ind2=" ">
    <subfield code="a">Colombia</subfield>
    <subfield code="c">PNN Florencia</subfield>
  </datafield>
  <datafield tag="942" ind1=" " ind2=" ">
    <subfield code="2">z</subfield>
    <subfield code="c">INFORME</subfield>
    <subfield code="0">1</subfield>
  </datafield>
  <datafield tag="945" ind1=" " ind2=" ">
    <subfield code="d">2007-08-16</subfield>
  </datafield>
  <datafield tag="999" ind1=" " ind2=" ">
    <subfield code="c">6133</subfield>
    <subfield code="d">6133</subfield>
  </datafield>
  <datafield tag="952" ind1=" " ind2=" ">
    <subfield code="0">0</subfield>
    <subfield code="1">0</subfield>
    <subfield code="2">z</subfield>
    <subfield code="4">0</subfield>
    <subfield code="7">0</subfield>
    <subfield code="8">HUMBOLDT</subfield>
    <subfield code="I">INV2017</subfield>
    <subfield code="a">Bogota</subfield>
    <subfield code="b">Bogota</subfield>
    <subfield code="d">2014-05-26</subfield>
    <subfield code="l">1</subfield>
    <subfield code="o">IAVH-00628</subfield>
    <subfield code="p">025906</subfield>
    <subfield code="r">2024-08-09 00:00:00</subfield>
    <subfield code="s">2016-12-22</subfield>
    <subfield code="t">Ej. 1</subfield>
    <subfield code="w">2014-05-26</subfield>
    <subfield code="x">deposito institucional</subfield>
    <subfield code="y">INFORME</subfield>
  </datafield>
  <datafield tag="952" ind1=" " ind2=" ">
    <subfield code="0">0</subfield>
    <subfield code="1">0</subfield>
    <subfield code="2">z</subfield>
    <subfield code="4">0</subfield>
    <subfield code="7">0</subfield>
    <subfield code="8">MEDIOSM</subfield>
    <subfield code="a">Bogota</subfield>
    <subfield code="b">Bogota</subfield>
    <subfield code="d">2014-05-26</subfield>
    <subfield code="l">0</subfield>
    <subfield code="o">IAVH-00628</subfield>
    <subfield code="p">058540</subfield>
    <subfield code="r">2014-05-26 00:00:00</subfield>
    <subfield code="t">Ej. 2</subfield>
    <subfield code="w">2014-05-26</subfield>
    <subfield code="x">deposito institucional</subfield>
    <subfield code="y">CD-ROM</subfield>
  </datafield>
</record>
